000 00734cam a2200277 4500
008 090401t1999 xxu||||| |||| 00| 0 eng d
020 _a0108490270
035 _a(Sirsi) u91684
041 _aeng
050 _a336.21
110 _aParliament House of Lords
_93155
245 _aRating (Valaution) Bill : explanatory notes.
260 _aLondon
_bStationery Office
_c1999
300 _a12p. ; 30cm.
350 _a2.1
490 _aEN
_v27
650 _aBENJAMIN (VO) V ANSTON PROPERTIES LTD
650 _aNON DOMESTIC RATING
650 _aRATING (VALUATION) BILL 1999
650 _aRATING
650 _aREPAIRS
650 _aValuation
_96273
690 _aRATING AND VALUATION
942 _n0
948 _c02/03/1999
999 _c97664
_d97664